000 00803nam a2200205 a 4500
003 0
005 20250624105802.0
008 021118s19uu xx 00 eng d
050 _aPHS GV 1111
_b.T85 1999
100 _aTui, Charles Angelo A.
245 _aThe Effects of martial arts to S.I.S. and St. Francis students /
_cCharles Angelo A. Tui.
260 _aLas PiƱas City, Philippines :
_bSouthville International School and Colleges,
_c1999.
300 _a19 pages ;
_c28 cm.
504 _aIncludes bibliographical references.
650 _aMartial arts
_xStudy and teaching
_zPhilippines.
650 _aMartial arts
_xPsychological aspects
_zPhilippines.
650 _aSports
_xMoral and ethical aspects
_zPhilippines.
650 _aSelf-discipline in adolescence
_zPhilippines.
942 _2lcc
_cPASS
999 _c96245
_d96245